00962 a2200169 45000010006000000050017000060080041000230030015000640400040000790800097001192450058002160200018002742640058002923000019003505050405003691000018007742268220260407155517.0260407a1988 arg spa dAR-UNSa-BCEJYS aAR-UNSa-BCEJYSbspacAR-UNSa-BCEJYS a338.43xAgricultura como una rama de la economía. Economía de los productos alimenticios10aDesarrollo rural y medio ambiente en América Latina a950-25-1327-4 1aBuenos Aires :bCentro Editor de America Latinac1988 a133 p.c21 cm. a1. La problemática rural, un área de invetigación ambiental prioritaria en América Latina - 2. La evolución de la agricultura y la problemática ambietal en los años recientes - 3. Para una tipología de productores rurales en América Latina - 4. Articulación de sociedad y naturaleza en la producción rural - 5. El medio ambiente rural en la frontera tropical - 6. Conclusiones. 1 aGutman, Pablo